| 000 | 00606nam a2200253Ia 4500 | ||
|---|---|---|---|
| 008 | 210210b2005 xxu||||| |||| 00| 0 eng d | ||
| 020 | _a817176598X | ||
| 041 | _aeng | ||
| 082 | _a155.5 DAVP | ||
| 100 | _aDAVITZ (Leiderman Lois) | ||
| 245 |
_aParenting teenagers _b20 tough questions and answers |
||
| 260 |
_aMumbai _bNot Mentioned _c2005 |
||
| 300 | _a134 | ||
| 650 | _atough | ||
| 650 | _ateenagers | ||
| 650 | _aquestions | ||
| 650 | _aParenting | ||
| 650 | _aanswers | ||
| 650 | _aand | ||
| 650 | _a20 | ||
| 690 | _aChild Psychology | ||
| 700 | _aDAVITZ (R Joel) | ||
| 906 | _a062419 | ||
| 999 |
_c117538 _d117538 |
||